000 00634nam a2200229Ia 4500
003 OSt
005 20220926022948.0
006 a|||||r|||| 00| 0
007 ta
008 220923b |||||||| |||| 00| 0 eng d
037 _cGeneral Book
040 _aRTL
_cRTL
_beng
041 _2eng
_aeng
082 _aB2815, K8
100 _aGallager Robert G
_9328501
245 0 _aInformation theory and reliable communication
260 _aNew York
_bWiley
_c1968
300 _axiv,588p.
_ccm.
500 _aBibliography .P 569-77
942 _hB2815, K8
_cGB
_2CC
999 _c640678
_d640678